MARC

LEADER 00000nab a2200000 a 4500
001 vtls010518947
003 SK-MaSNL
005 20260303162120.0
008 130612 2013 xo e 000 0 slo
038 |a PPPK 
040 |a PPPKCL  |b slo  |c PPPK  |e AACR2 
041 0 |a slo 
044 |a xo  |c SK 
080 |a 796.52  |2 2001 
080 |a 910.4:796.52  |2 2001 
245 0 0 |a Balia „kufre" na Nanga Parbat  |c [autor] (pet) 
600 1 7 |a Šperka, Peter,  |d 1955-2013  |2 pppkcl  |9 154252 
600 1 7 |a Dobeš, Anton  |2 pppkcl  |9 225179 
650 0 7 |a horolezectvo  |2 pppkcl  |9 1050 
650 0 7 |a horolezecké expedície  |2 pppkcl  |9 1570 
650 0 7 |a osobnosti  |2 pppkcl  |9 29820 
651 7 |a Tatranské Zruby (Vysoké Tatry, Slovensko)  |2 SNKPHgeo  |9 56668 
651 7 |a Vysoké Tatry (Slovensko : mesto)  |2 SNKPHgeo  |9 176366 
651 7 |a Nanga Parbat (Himaláje, Pakistan : vrch)  |2 pppkcl  |9 68071 
773 0 |t Tatranský dvojtýždenník  |g Roč. XXIV, č. 11 (2013), s. 10 
852 |a PPPK  |b KIS3GCP 
999 |c 2052280  |d 2054210